000 01351cam a22003497a 4500
003 CHAP
005 20220329141830.0
008 971126d1997 mx a r 00110 spa d
010 _a74528
011 _a75500
035 _a85064
040 _cCHAP
090 _aTesis
100 0 0 _aAyvar Serna, Sergio.
_99044
245 1 0 _aAislamiento e identificación de las micotoxinas producidas por el hongo Fusarium moniliforme Sheld., en maíz y su relación con las enfermedades denominadas pudrición de la mazorca y germinación prematura
_c/por Sergio Ayvar Serna
260 _aChapingo, Méx. :
_bEl autor,
_c1997.
300 _a100 h. :
_bilus.
502 _aTesis (Doctor en Ciencias Biológicas) -- UNAM. Facultad de Ciencias. División de Estudios de Posgrado
590 _aALEPH
_b10
_c20130110
_lUCH01
_h1419
590 _aBATCH-UPD
_b10
_c20130110
_lUCH01
_h0512
590 _aBATCH-UPD
_b10
_c20130410
_lUCH01
_h0150
590 _aBATCH-UPD
_b10
_c20130914
_lUCH01
_h0506
590 _aCONVERSION
_b10
_c20130109
_lUCH01
_h1341
650 1 4 _aFusarium moniliforme.
_944091
650 1 4 _aHongos
_xExcreciones tóxicas.
_956100
650 1 4 _aMaíz
_xEnfermedades por hongos.
_970941
650 2 4 _aHongos fitopatógenos.
_956132
901 _aBK
905 _aGuadalupe Pinto C.
942 _cTESIS
949 _bBC
_cTES
_d850641
_eTS1
_h31590
_i85064
_sb
999 _c74528
_d74528